Zmeny v postupoch účtovania od 1. 1. 2018
Novelizované postupy účtovania pre podnikateľov v znení Opatrenia MF/14776/2017-74 s účinnosťou od 1.1.2018. Osobitné účtovné prípady.
Salvato in:
| Autore principale: | |
|---|---|
| Natura: | Capitolo di libro |
| Lingua: | slovacco |
| Soggetti: | |
| Tags: |
Nessun Tag, puoi essere il primo ad aggiungerne!!
|
MARC
| LEADER | 00000naa a2200000 4500 | ||
|---|---|---|---|
| 001 | 0246575 | ||
| 005 | 20221104111158.4 | ||
| 041 | 0 | |a slo | |
| 044 | |a SK | ||
| 245 | 1 | 0 | |a Zmeny v postupoch účtovania od 1. 1. 2018 |c Mária Cvečková |
| 520 | |a Novelizované postupy účtovania pre podnikateľov v znení Opatrenia MF/14776/2017-74 s účinnosťou od 1.1.2018. Osobitné účtovné prípady. | ||
| 610 | 2 | 0 | |a prípady účtovné |
| 610 | 2 | 0 | |a postupy účtovné |
| 610 | 2 | 0 | |a novelizácia |
| 610 | 2 | 0 | |a Slovensko |
| 610 | 2 | 0 | |a definície |
| 100 | 1 | |a Cvečková, Mária | |